[Event "94th DEN-ch"]
[Site "Svendborg DEN"]
[Date "2015.04.02"]
[Round "6"]
[White "Carstensen, Jacob"]
[Black "Antonsen, Mikkel"]
[WhiteElo "2370"]
[BlackElo "2470"]
[Result "0-1"]
[EventDate "2015.03.28"]
[PlyCount "56"]
[EventCategory "9"]
[Source "Chessbase"]
[SourceDate "2015.04.10"]

1. d4 Nf6 2. c4 g6 3. Nc3 d5 4. cxd5 Nxd5 5. e4 Nxc3 6. bxc3 Bg7 7. Nf3 c5 8.
Rb1 O-O 9. Be2 Nc6 10. d5 Ne5 11. Nxe5 Bxe5 12. Qb3 Qc7 13. g3 Bh3 14. f4 Bg7
15. Kf2 e6 16. c4 Rae8 17. e5 Bf5 18. Qxb7 Qd8 19. Be3 Bxb1 20. Rxb1 f6 21.
exf6 Rxf6 22. Bxc5 e5 23. d6 exf4 24. Bf3 fxg3+ 25. Kg2 Qa5 26. Qd5+ Kh8 27. d7
Rd8 28. Rd1 Rf5 0-1

[Event "94th DEN-ch"]
[Site "Svendborg DEN"]
[Date "2015.04.02"]
[Round "6"]
[White "Fries-Nielsen, Jens Ove"]
[Black "Korley, Kassa"]
[WhiteElo "2457"]
[BlackElo "2424"]
[Result "0-1"]
[EventDate "2015.03.28"]
[PlyCount "66"]
[EventCategory "9"]
[Source "Chessbase"]
[SourceDate "2015.04.10"]

1. Nf3 c5 2. e4 Nc6 3. Bb5 g6 4. h4 Nf6 5. e5 Ng4 6. Bxc6 dxc6 7. Qe2 h6 8. d3
Bg7 9. Nc3 Be6 10. Bf4 Qc7 11. Bg3 O-O-O 12. a4 Qa5 13. O-O Rd7 14. Rfe1 Rhd8
15. Nd2 h5 16. Nf3 Nh6 17. Ng5 Nf5 18. Nxe6 fxe6 19. Ne4 c4 20. dxc4 Nxg3 21.
Nxg3 Rd2 22. Qe3 Rxc2 23. Ne4 Qxe5 24. Qxa7 Qb8 25. Qc5 Bd4 26. Qxe7 Qf4 27.
Qxe6+ Kb8 28. Qh3 Bxf2+ 29. Nxf2 Qxf2+ 30. Kh1 Rd4 31. Rf1 Qxh4 32. Qxh4 Rxh4+
33. Kg1 Rxb2 0-1

[Event "94th DEN-ch"]
[Site "Svendborg DEN"]
[Date "2015.04.02"]
[Round "6"]
[White "Hansen, Curt"]
[Black "Kristiansen, Jens"]
[WhiteElo "2625"]
[BlackElo "2412"]
[Result "0-1"]
[EventDate "2015.03.28"]
[PlyCount "130"]
[EventCategory "9"]
[Source "Chessbase"]
[SourceDate "2015.04.10"]

1. d4 f5 2. g3 Nf6 3. Bg2 g6 4. Nf3 Bg7 5. O-O O-O 6. c4 d6 7. Nc3 e6 8. a4 a5
9. b3 Nc6 10. Ba3 Ne4 11. Qd3 Nxc3 12. Qxc3 Qf6 13. Rad1 g5 14. e3 Re8 15. Ne1
e5 16. Bd5+ Kh8 17. dxe5 dxe5 18. Bb2 Nb4 19. Nd3 Qe7 20. Bg2 e4 21. Qxg7+ Qxg7
22. Bxg7+ Kxg7 23. Nxb4 axb4 24. Rd4 Be6 25. f3 exf3 26. Bxf3 c6 27. Kf2 Kf6
28. h4 h6 29. hxg5+ hxg5 30. Rh1 Ra5 31. Rh7 Re7 32. Rh8 Re5 33. Rf8+ Kg7 34.
Rfd8 Bf7 35. Rd3 Bg6 36. R8d6 Kf7 37. R6d4 R5e6 38. Rd6 f4 39. Rxe6 fxg3+ 40.
Kxg3 Bxd3 41. Rd6 Bc2 42. Bh5+ Kg7 43. Bd1 Bf5 44. Kf2 Rd7 45. Rd4 Kf6 46. a5
Ke5 47. Bg4 Bxg4 48. Rxg4 Rd2+ 49. Kf3 Kf5 50. Rd4 Rb2 51. Rd7 g4+ 52. Kg3 Rxb3
53. Rxb7 Rxe3+ 54. Kg2 Ra3 55. Rxb4 Rxa5 56. Rb6 Rc5 57. Rb4 Ke4 58. Kg3 Rg5
59. Rb6 Rg6 60. Rb1 Kd4 61. Rc1 c5 62. Rc2 Kd3 63. Rc1 Rg8 64. Kg2 g3 65. Kg1
g2 0-1

[Event "94th DEN-ch"]
[Site "Svendborg DEN"]
[Date "2015.04.02"]
[Round "6"]
[White "Hansen, Sune Berg"]
[Black "Bekker-Jensen, Simon"]
[WhiteElo "2576"]
[BlackElo "2462"]
[Result "1/2-1/2"]
[EventDate "2015.03.28"]
[PlyCount "48"]
[EventCategory "9"]
[Source "Chessbase"]
[SourceDate "2015.04.10"]

1. d4 Nf6 2. Nf3 g6 3. c4 Bg7 4. Nc3 O-O 5. Bg5 c5 6. d5 h6 7. Bh4 d6 8. e3 g5
9. Bg3 Nh5 10. Bd3 f5 11. Nd2 Nxg3 12. hxg3 e6 13. Qc2 Na6 14. a3 Nc7 15. dxe6
Bxe6 16. O-O-O b5 17. cxb5 d5 18. g4 fxg4 19. Nf1 Qf6 20. Rd2 Qe5 21. Ng3 d4
22. Nd1 dxe3 23. Nxe3 Rxf2 24. Ngf5 Rxd2 1/2-1/2

[Event "94th DEN-ch"]
[Site "Svendborg DEN"]
[Date "2015.04.02"]
[Round "6"]
[White "Rasmussen, Allan Stig"]
[Black "Teplyi, Igor"]
[WhiteElo "2532"]
[BlackElo "2384"]
[Result "1-0"]
[EventDate "2015.03.28"]
[PlyCount "79"]
[EventCategory "9"]
[Source "Chessbase"]
[SourceDate "2015.04.10"]

1. d4 d5 2. c4 c6 3. Nf3 Nf6 4. Nc3 dxc4 5. a4 Bf5 6. Ne5 Nbd7 7. Nxc4 Qc7 8.
Qd2 Be6 9. e4 Bxc4 10. Bxc4 e5 11. dxe5 Nxe5 12. Be2 Bb4 13. Qc2 Ng6 14. O-O
O-O 15. f4 Rfe8 16. e5 Qb6+ 17. Kh1 Nd5 18. Nxd5 cxd5 19. Qb3 Red8 20. Qg3 f5
21. exf6 Qxf6 22. f5 Qe5 23. Qg4 Bd6 24. g3 Nf8 25. Bg5 Rd7 26. Bf3 Kh8 27. b3
Be7 28. Rae1 Qd6 29. Bxe7 Rxe7 30. Rxe7 Qxe7 31. Bxd5 Nd7 32. Qe4 Qxe4+ 33.
Bxe4 Nf6 34. Bf3 Rc8 35. g4 h6 36. h4 b6 37. Rd1 Kg8 38. g5 hxg5 39. hxg5 Ne8
40. Rd7 1-0

[Event "94th DEN-ch"]
[Site "Svendborg DEN"]
[Date "2015.04.03"]
[Round "7"]
[White "Antonsen, Mikkel"]
[Black "Hansen, Curt"]
[WhiteElo "2470"]
[BlackElo "2625"]
[Result "0-1"]
[EventDate "2015.03.28"]
[PlyCount "96"]
[EventCategory "9"]
[Source "Chessbase"]
[SourceDate "2015.04.10"]

1. d4 d5 2. c4 e6 3. Nc3 Nf6 4. Nf3 c5 5. cxd5 Nxd5 6. e4 Nxc3 7. bxc3 cxd4 8.
cxd4 Bb4+ 9. Bd2 Bxd2+ 10. Qxd2 O-O 11. Bc4 b6 12. O-O Bb7 13. Rfe1 Nd7 14. a4
Rc8 15. Bd3 a5 16. Rab1 h6 17. Qf4 Rc3 18. Red1 Qe7 19. h4 Rfc8 20. Bb5 Nf6 21.
Re1 Qc7 22. Ne5 Rd8 23. Rbd1 Bc6 24. Bxc6 Rxc6 25. Rc1 Rc3 26. Rcd1 Ne8 27. d5
exd5 28. exd5 Nf6 29. d6 Rxd6 30. Ng4 Rxd1 31. Nxf6+ gxf6 32. Qg4+ Kf8 33. Qxd1
Qc5 34. Qd2 Kg7 35. Qf4 h5 36. Re8 Rc1+ 37. Kh2 Rc4 38. Qd2 Rxh4+ 39. Kg1 Qd4
40. Qxd4 Rxd4 41. Rb8 Rb4 42. Kh2 f5 43. g3 h4 44. f4 hxg3+ 45. Kxg3 Kf6 46.
Rc8 Ke6 47. Rc6+ Kd5 48. Rf6 Ke4 0-1

[Event "94th DEN-ch"]
[Site "Svendborg DEN"]
[Date "2015.04.03"]
[Round "7"]
[White "Bekker-Jensen, Simon"]
[Black "Fries-Nielsen, Jens Ove"]
[WhiteElo "2462"]
[BlackElo "2457"]
[Result "1/2-1/2"]
[EventDate "2015.03.28"]
[PlyCount "103"]
[EventCategory "9"]
[Source "Chessbase"]
[SourceDate "2015.04.10"]

1. e4 d6 2. d4 a6 3. c4 Nf6 4. Nc3 Nc6 5. Nf3 e6 6. Be2 Be7 7. O-O O-O 8. h3 e5
9. d5 Nb8 10. Be3 a5 11. b3 Na6 12. a3 Bd7 13. Qb1 g6 14. Bh6 Re8 15. Nd2 Kh8
16. Be3 Ng8 17. Bg4 Bxg4 18. hxg4 Nf6 19. Qd1 Qd7 20. g5 Ng4 21. Qe2 Nxe3 22.
Qxe3 Qg4 23. Nf3 Kg7 24. Ne2 Rh8 25. Ng3 h6 26. gxh6+ Rxh6 27. Nh2 Rxh2 28.
Kxh2 Rh8+ 29. Kg1 Bg5 30. Qf3 Qh4 31. Rfd1 Bf4 32. Kf1 Qg5 33. Ke2 Rh4 34. Rh1
Rg4 35. Rh3 Kf8 36. Kf1 Bd2 37. Rd1 Nc5 38. Kg1 Rf4 39. Qe2 Bc3 40. b4 axb4 41.
axb4 Bxb4 42. Qb2 Na6 43. Ra1 Bc5 44. Rxa6 Rxf2 45. Ra8+ Ke7 46. Qxf2 Qc1+ 47.
Nf1 Bxf2+ 48. Kxf2 Qf4+ 49. Rf3 Qxe4 50. Nd2 Qd4+ 51. Ke2 f5 52. Rh3 1/2-1/2

[Event "94th DEN-ch"]
[Site "Svendborg DEN"]
[Date "2015.04.03"]
[Round "7"]
[White "Korley, Kassa"]
[Black "Rasmussen, Allan Stig"]
[WhiteElo "2424"]
[BlackElo "2532"]
[Result "1-0"]
[EventDate "2015.03.28"]
[PlyCount "175"]
[EventCategory "9"]
[Source "Chessbase"]
[SourceDate "2015.04.10"]

1. b3 d5 2. Bb2 Nf6 3. Nf3 Bf5 4. c4 c6 5. d3 Nbd7 6. Nbd2 h6 7. cxd5 cxd5 8.
Rc1 a6 9. Qc2 e6 10. h3 Bd6 11. g4 Bh7 12. g5 hxg5 13. Nxg5 Bg6 14. Rg1 Rh6 15.
e3 Kf8 16. f4 Bc5 17. Rg3 Qb6 18. Be2 Ne8 19. Nf1 f6 20. Nf3 Bxe3 21. Nxe3 Qxe3
22. Qd2 Qxd2+ 23. Kxd2 Kf7 24. Nd4 Bh5 25. Bf1 Rd8 26. f5 exf5 27. Nxf5 Rg6 28.
Re3 Ne5 29. Bxe5 fxe5 30. Rxe5 Kf6 31. d4 Rg5 32. Bd3 Rg2+ 33. Ke3 g6 34. Rf1
gxf5 35. Rfxf5+ Kg7 36. Rxh5 Rg3+ 37. Ke2 Nf6 38. Rhg5+ Rxg5 39. Rxg5+ Kf7 40.
h4 Re8+ 41. Kd2 Ne4+ 42. Bxe4 Rxe4 43. Rxd5 Rxh4 44. Kc3 Ke6 45. Rd8 Rh7 46.
Kb4 Ke7 47. Rd5 Ke6 48. Rd8 Ke7 49. Rb8 Kd6 50. a4 Kc7 51. Rg8 Rh5 52. Re8 a5+
53. Kc4 b6 54. Re5 Rh3 55. Rg5 Rf3 56. Rg4 Rh3 57. Rg1 Rf3 58. Rc1 Kd6 59. Rc3
Rf5 60. Rg3 Kc6 61. Rg7 Rh5 62. Rg6+ Kb7 63. Rg3 Kc6 64. Re3 Kd6 65. Rd3 Kc7
66. d5 Kb7 67. Rd4 Rh1 68. Re4 Rd1 69. Re7+ Ka6 70. Re3 Kb7 71. Rd3 Rh1 72. Re3
Rd1 73. Re7+ Ka6 74. Rh7 Rd2 75. Rd7 Rd1 76. Kc3 Rh1 77. Kd4 Rh3 78. Rc7 Rxb3
79. d6 Rb1 80. d7 Rd1+ 81. Ke5 Rd2 82. Ke6 Re2+ 83. Kf7 Rd2 84. Ke7 Re2+ 85.
Kd8 b5 86. Kc8 Rd2 87. Rc6+ Ka7 88. axb5 1-0

[Event "94th DEN-ch"]
[Site "Svendborg DEN"]
[Date "2015.04.03"]
[Round "7"]
[White "Kristiansen, Jens"]
[Black "Hansen, Sune Berg"]
[WhiteElo "2412"]
[BlackElo "2576"]
[Result "1/2-1/2"]
[EventDate "2015.03.28"]
[PlyCount "91"]
[EventCategory "9"]
[Source "Chessbase"]
[SourceDate "2015.04.10"]

1. d4 d5 2. c4 e6 3. Nc3 Nf6 4. cxd5 exd5 5. Bg5 c6 6. e3 Be7 7. Bd3 Nbd7 8.
Qc2 O-O 9. Nge2 Re8 10. O-O Nf8 11. f3 g6 12. Kh1 Ne6 13. Bh4 b5 14. a3 Bb7 15.
Rad1 a5 16. Qc1 Rc8 17. e4 b4 18. axb4 axb4 19. Na4 c5 20. Nxc5 Nxc5 21. dxc5
Rxc5 22. Qe3 Nd7 23. Bf2 Ra5 24. Qd2 Ne5 25. Bc2 Qc8 26. exd5 Rxd5 27. Qc1 Rxd1
28. Rxd1 Nxf3 29. Ba4 Bg5 30. Qxc8 Rxc8 31. Rd7 Ba8 32. Bb3 Ne5 33. Ra7 Bc6 34.
Bd4 Nd7 35. Kg1 Bd8 36. Nf4 Rc7 37. Nd5 Rxa7 38. Bxa7 Bxd5 39. Bxd5 Bb6+ 40.
Bxb6 Nxb6 41. Bb3 Kg7 42. Kf2 Kf6 43. Ke3 Ke5 44. Bxf7 Na4 45. b3 Nc5 46. h4
1/2-1/2

[Event "94th DEN-ch"]
[Site "Svendborg DEN"]
[Date "2015.04.03"]
[Round "7"]
[White "Teplyi, Igor"]
[Black "Carstensen, Jacob"]
[WhiteElo "2384"]
[BlackElo "2370"]
[Result "1/2-1/2"]
[EventDate "2015.03.28"]
[PlyCount "62"]
[EventCategory "9"]
[Source "Chessbase"]
[SourceDate "2015.04.10"]

1. Nf3 d5 2. c4 e6 3. e3 Nf6 4. Nc3 Nbd7 5. d4 c6 6. Qc2 Bd6 7. b3 O-O 8. Be2
b6 9. O-O Bb7 10. Bb2 Qe7 11. Rad1 Rad8 12. Rfe1 Rfe8 13. Bf1 c5 14. cxd5 exd5
15. g3 Rc8 16. dxc5 Nxc5 17. Bh3 Ne6 18. Qd3 Bb4 19. Rc1 Rcd8 20. Bg2 Nc5 21.
Qc2 Nce4 22. Nd4 Rc8 23. Qd3 g6 24. Bh3 Rxc3 25. Bxc3 Nxc3 26. Rxc3 Ne4 27.
Rcc1 Bxe1 28. Rxe1 Qf6 29. f3 Nc5 30. Qd2 Ne6 31. Nxe6 fxe6 1/2-1/2

[Event "94th DEN-ch"]
[Site "Svendborg DEN"]
[Date "2015.04.04"]
[Round "8"]
[White "Carstensen, Jacob"]
[Black "Hansen, Curt"]
[WhiteElo "2370"]
[BlackElo "2625"]
[Result "1/2-1/2"]
[EventDate "2015.03.28"]
[PlyCount "99"]
[EventCategory "9"]
[Source "Chessbase"]
[SourceDate "2015.04.10"]

1. d4 Nf6 2. c4 e6 3. Nc3 Bb4 4. f3 d5 5. a3 Bxc3+ 6. bxc3 c5 7. cxd5 Nxd5 8.
dxc5 f5 9. e4 fxe4 10. Qc2 e3 11. Bd3 Nd7 12. Ne2 Nxc5 13. O-O Nxd3 14. Qxd3
O-O 15. Bxe3 b6 16. Qe4 Qe7 17. Nf4 Bb7 18. Nxd5 Bxd5 19. Qb4 Qc7 20. a4 Rac8
21. Rfe1 Qxc3 22. Qxc3 Rxc3 23. a5 Rb3 24. Bd4 Rf4 25. Be5 Rf7 26. Rec1 h6 27.
Rc8+ Kh7 28. Rc7 Rxc7 29. Bxc7 b5 30. a6 b4 31. Bb8 Ra3 32. Rxa3 bxa3 33. Bxa7
Bc4 34. Bc5 a2 35. Bd4 Bxa6 36. Kf2 g5 37. g4 Kg6 38. Kg3 Be2 39. f4 Kf7 40.
fxg5 hxg5 41. h4 gxh4+ 42. Kxh4 Ke7 43. Be5 Kd7 44. Kg3 Kc6 45. Kf4 Kd5 46. g5
Bh5 47. Ba1 Bg6 48. Bf6 Kc4 49. Ke3 Kb3 50. Kd2 1/2-1/2

[Event "94th DEN-ch"]
[Site "Svendborg DEN"]
[Date "2015.04.04"]
[Round "8"]
[White "Fries-Nielsen, Jens Ove"]
[Black "Kristiansen, Jens"]
[WhiteElo "2457"]
[BlackElo "2412"]
[Result "1-0"]
[EventDate "2015.03.28"]
[PlyCount "101"]
[EventCategory "9"]
[Source "Chessbase"]
[SourceDate "2015.04.10"]

1. e3 g6 2. c4 Bg7 3. Nc3 Nf6 4. g4 h6 5. Bg2 d6 6. h3 O-O 7. Nge2 e5 8. d4 c6
9. b3 Re8 10. d5 cxd5 11. Nxd5 Nxd5 12. Qxd5 Nc6 13. Bd2 Be6 14. Qb5 Rb8 15.
Rd1 a6 16. Qa4 b5 17. cxb5 axb5 18. Qa3 d5 19. O-O b4 20. Qc1 Rc8 21. Qb1 Qb6
22. Bc1 Red8 23. Bb2 f5 24. gxf5 Bxf5 25. Qa1 d4 26. exd4 Nxd4 27. Nxd4 exd4
28. Rfe1 Rc3 29. Re7 Qc5 30. Rde1 Kf8 31. Rb7 d3 32. Rxg7 Kxg7 33. a3 Qa7 34.
axb4 Qxa1 35. Rxa1 Rdc8 36. b5 Kf8 37. Bxc3 Rxc3 38. b6 Rxb3 39. b7 Ke7 40. Bf3
d2 41. Rd1 Bxh3 42. Rxd2 h5 43. Bd5 Rb4 44. Kh2 Bf5 45. Bg2 Rb3 46. Bc6 Be6 47.
f3 g5 48. Be4 g4 49. Kg3 gxf3 50. Rd1 Bg4 51. Rb1 1-0

[Event "94th DEN-ch"]
[Site "Svendborg DEN"]
[Date "2015.04.04"]
[Round "8"]
[White "Hansen, Sune Berg"]
[Black "Antonsen, Mikkel"]
[WhiteElo "2576"]
[BlackElo "2470"]
[Result "1-0"]
[EventDate "2015.03.28"]
[PlyCount "53"]
[EventCategory "9"]
[Source "Chessbase"]
[SourceDate "2015.04.10"]

1. d4 Nf6 2. Nf3 d5 3. c4 e6 4. Nc3 Bb4 5. cxd5 exd5 6. Bf4 c5 7. g3 Ne4 8. Rc1
Nc6 9. Bg2 g5 10. Be3 c4 11. h4 f6 12. Nd2 Nxc3 13. bxc3 Ba3 14. Rb1 O-O 15.
hxg5 fxg5 16. Rb5 Be6 17. Rh6 Qd7 18. Qb1 Nd8 19. Bxd5 Rf7 20. Be4 Be7 21.
Bxh7+ Kf8 22. Bg6 Rg7 23. Rh8+ Rg8 24. Rxg8+ Kxg8 25. Bf5 a6 26. Bxe6+ Qxe6 27.
Re5 1-0

[Event "94th DEN-ch"]
[Site "Svendborg DEN"]
[Date "2015.04.04"]
[Round "8"]
[White "Rasmussen, Allan Stig"]
[Black "Bekker-Jensen, Simon"]
[WhiteElo "2532"]
[BlackElo "2462"]
[Result "1-0"]
[EventDate "2015.03.28"]
[PlyCount "85"]
[EventCategory "9"]
[Source "Chessbase"]
[SourceDate "2015.04.10"]

1. d4 Nf6 2. c4 g6 3. Nc3 Bg7 4. e4 d6 5. Nf3 O-O 6. Be2 e5 7. O-O Nbd7 8. Re1
Re8 9. Bf1 a6 10. Rb1 exd4 11. Nxd4 c6 12. Bf4 Qc7 13. Qd2 Ne5 14. h3 b5 15.
cxb5 axb5 16. Rbc1 Qb6 17. b4 Bb7 18. Nb3 Nc4 19. Bxc4 bxc4 20. Na5 d5 21. Bd6
Nxe4 22. Nxe4 dxe4 23. Rxc4 Rad8 24. Rcxe4 Rxe4 25. Rxe4 Ba6 26. Qe1 h5 27.
Re8+ Kh7 28. Bc5 Qc7 29. a4 Rd3 30. Re7 Qf4 31. Re3 Bc3 32. Qb1 Qf5 33. Rxd3
Bxd3 34. Qc1 Qf6 35. Nxc6 Bb2 36. Qd2 Qxc6 37. Qxd3 Qxa4 38. Qd5 Qa1+ 39. Kh2
Be5+ 40. g3 Kg7 41. Kg2 h4 42. g4 Qb2 43. b5 1-0

[Event "94th DEN-ch"]
[Site "Svendborg DEN"]
[Date "2015.04.04"]
[Round "8"]
[White "Teplyi, Igor"]
[Black "Korley, Kassa"]
[WhiteElo "2384"]
[BlackElo "2424"]
[Result "1-0"]
[EventDate "2015.03.28"]
[PlyCount "65"]
[EventCategory "9"]
[Source "Chessbase"]
[SourceDate "2015.04.10"]

1. d4 Nf6 2. c4 e6 3. Nf3 d5 4. Nc3 Nbd7 5. Bg5 h6 6. Bh4 Be7 7. e3 O-O 8. Rc1
Nb6 9. c5 Nbd7 10. Bd3 c6 11. b4 Re8 12. O-O a6 13. h3 Nh5 14. Bxe7 Qxe7 15.
Ne5 Nxe5 16. dxe5 g6 17. Qg4 Ng7 18. Qf4 Qg5 19. Qxg5 hxg5 20. g4 Kf8 21. f4
gxf4 22. Rxf4 Kg8 23. Rcf1 Re7 24. h4 Bd7 25. a4 a5 26. b5 b6 27. cxb6 Rb8 28.
bxc6 Bxc6 29. Nb5 Ne8 30. h5 gxh5 31. gxh5 Bxb5 32. axb5 Ng7 33. Rg4 1-0

[Event "94th DEN-ch"]
[Site "Svendborg DEN"]
[Date "2015.04.05"]
[Round "9"]
[White "Antonsen, Mikkel"]
[Black "Fries-Nielsen, Jens Ove"]
[WhiteElo "2470"]
[BlackElo "2457"]
[Result "1/2-1/2"]
[EventDate "2015.03.28"]
[PlyCount "30"]
[EventCategory "9"]
[Source "Chessbase"]
[SourceDate "2015.04.10"]

1. d4 d5 2. c4 e6 3. Nc3 Ne7 4. Nf3 a6 5. cxd5 exd5 6. Bf4 Ng6 7. Bg3 h5 8. h3
h4 9. Bh2 Bd6 10. Bxd6 Qxd6 11. e3 Nc6 12. Bd3 Nge7 13. a3 f6 14. Qc2 g5 15.
O-O-O Bd7 1/2-1/2

[Event "94th DEN-ch"]
[Site "Svendborg DEN"]
[Date "2015.04.05"]
[Round "9"]
[White "Bekker-Jensen, Simon"]
[Black "Teplyi, Igor"]
[WhiteElo "2462"]
[BlackElo "2384"]
[Result "1-0"]
[EventDate "2015.03.28"]
[PlyCount "85"]
[EventCategory "9"]
[Source "Chessbase"]
[SourceDate "2015.04.10"]

1. e4 c5 2. Nf3 d6 3. Bb5+ Bd7 4. Bxd7+ Qxd7 5. c4 Nf6 6. Nc3 g6 7. d4 cxd4 8.
Nxd4 Bg7 9. f3 O-O 10. Be3 Nc6 11. O-O a6 12. Qd3 Ne5 13. Qe2 Rac8 14. b3 e6
15. Rac1 Qc7 16. Rfd1 Qb8 17. Na4 Nfd7 18. f4 Nc6 19. e5 Rfd8 20. exd6 Nxd4 21.
Bxd4 Bxd4+ 22. Rxd4 b5 23. Nc3 bxc4 24. bxc4 Nf6 25. Rcd1 Rc6 26. Qe5 Ng4 27.
Qg5 Ne3 28. Ne4 f5 29. Nf6+ Kg7 30. Nh5+ Kg8 31. Qe7 gxh5 32. Qxe6+ Kf8 33.
Qxe3 Rcxd6 34. Qa3 Ke7 35. Rxd6 Rxd6 36. Kf1 a5 37. Qxd6+ Qxd6 38. Rxd6 Kxd6
39. Ke2 Kc5 40. Kd3 h4 41. Kc3 h5 42. h3 a4 43. a3 1-0

[Event "94th DEN-ch"]
[Site "Svendborg DEN"]
[Date "2015.04.05"]
[Round "9"]
[White "Hansen, Curt"]
[Black "Hansen, Sune Berg"]
[WhiteElo "2625"]
[BlackElo "2576"]
[Result "1/2-1/2"]
[EventDate "2015.03.28"]
[PlyCount "76"]
[EventCategory "9"]
[Source "Chessbase"]
[SourceDate "2015.04.10"]

1. c4 e6 2. Nf3 d5 3. g3 dxc4 4. Bg2 Nf6 5. Qa4+ Nbd7 6. Qxc4 a6 7. Qc2 c5 8.
Nc3 Ra7 9. O-O b5 10. a4 b4 11. Nb1 Be7 12. d3 O-O 13. Nbd2 a5 14. Nc4 Bb7 15.
Rd1 Nb6 16. Nfe5 Bxg2 17. Kxg2 Qa8+ 18. f3 Nfd7 19. Nxd7 Nxd7 20. e4 Ra6 21.
Be3 Rc6 22. Rac1 Rfc8 23. Qf2 Qa6 24. h4 Bf6 25. b3 Bc3 26. Rc2 Qa8 27. g4 e5
28. Rxc3 bxc3 29. Qc2 Ra6 30. Qxc3 f6 31. Bd2 Nf8 32. Nxa5 Ne6 33. Nc4 Rd8 34.
Be3 Qb7 35. a5 Qb5 36. Rb1 Ra7 37. Qc2 Rad7 38. Rd1 Rb7 1/2-1/2

[Event "94th DEN-ch"]
[Site "Svendborg DEN"]
[Date "2015.04.05"]
[Round "9"]
[White "Korley, Kassa"]
[Black "Carstensen, Jacob"]
[WhiteElo "2424"]
[BlackElo "2370"]
[Result "1-0"]
[EventDate "2015.03.28"]
[PlyCount "101"]
[EventCategory "9"]
[Source "Chessbase"]
[SourceDate "2015.04.10"]

1. d4 Nf6 2. c4 e6 3. g3 d5 4. Nf3 Bb4+ 5. Nbd2 dxc4 6. Qc2 b5 7. a4 c6 8. Bg2
Bb7 9. O-O Nbd7 10. b3 cxb3 11. Nxb3 O-O 12. Ne1 bxa4 13. Rxa4 a5 14. Nd3 Nd5
15. Nxb4 Nxb4 16. Qd2 Qb6 17. Nxa5 Rxa5 18. Rxb4 Rb5 19. Rc4 Ra8 20. Qc2 Rb4
21. Rxb4 Qxb4 22. Be3 Qa4 23. Qb2 Qa6 24. Rb1 Bc8 25. Qc1 Bb7 26. Rxb7 Qxb7 27.
Bxc6 Qc8 28. Bxa8 Qxa8 29. f3 h6 30. Kf2 Qd5 31. Qc3 f6 32. Bd2 e5 33. dxe5
Nxe5 34. Bf4 Nc4 35. g4 Qc5+ 36. Kg2 Qb5 37. Qd3 Qc5 38. h4 Ne5 39. Qe4 Qc4 40.
Bxe5 Qxe4 41. fxe4 fxe5 42. Kf3 Kf7 43. Ke3 Ke6 44. Kd3 Kd6 45. Kc4 Kc6 46. h5
Kd6 47. Kb5 Ke6 48. Kc6 Kf6 49. Kd6 Kg5 50. Kxe5 Kxg4 51. Kd6 1-0

[Event "94th DEN-ch"]
[Site "Svendborg DEN"]
[Date "2015.04.05"]
[Round "9"]
[White "Kristiansen, Jens"]
[Black "Rasmussen, Allan Stig"]
[WhiteElo "2412"]
[BlackElo "2532"]
[Result "1/2-1/2"]
[EventDate "2015.03.28"]
[PlyCount "190"]
[EventCategory "9"]
[Source "Chessbase"]
[SourceDate "2015.04.10"]

1. f4 c5 2. Nf3 Nc6 3. e4 g6 4. Bb5 Bg7 5. Bxc6 bxc6 6. O-O c4 7. Nc3 Ba6 8.
Kh1 d5 9. Qe2 d4 10. Nd1 d3 11. cxd3 cxd3 12. Qe3 Qb6 13. Re1 Nf6 14. Nc3 Nd7
15. b3 Qxe3 16. Rxe3 Bh6 17. Ng5 e5 18. Rh3 Bg7 19. f5 h6 20. Nf3 gxf5 21. Nh4
f4 22. Ba3 c5 23. Nf5 Bf8 24. Nd5 Rc8 25. Rc1 Rg8 26. Nxh6 Bxh6 27. Rxh6 Bb7
28. Rh5 Rc6 29. Bb2 f6 30. g3 Rd6 31. Nc3 c4 32. b4 a5 33. a3 Rb6 34. Nd5 Rd6
35. Kg1 fxg3 36. hxg3 axb4 37. Rxc4 Bxd5 38. exd5 bxa3 39. Bxa3 Rxd5 40. Rh7
Nb6 41. Rc6 Rd7 42. Re6+ Kd8 43. Rxb6 Rxg3+ 44. Kf2 Rxh7 45. Kxg3 Rh6 46. Rd6+
Ke8 47. Rxd3 Kf7 48. Rd6 Rh1 49. Bb2 Rf1 50. Kg2 Rf4 51. Rb6 Rf5 52. Rb3 Ke6
53. Rf3 Rg5+ 54. Kf2 Rh5 55. Bc3 Rg5 56. Rg3 Rf5+ 57. Ke3 Rh5 58. Kd3 Rh4 59.
Rg8 Ra4 60. Rb8 Rh4 61. Rb6+ Kf5 62. Bb4 Kg6 63. Be7 Rf4 64. Rb4 Rf1 65. Ke4
Ra1 66. Rb6 Ra4+ 67. Kd5 Rd4+ 68. Ke6 Rxd2 69. Bxf6 Rf2 70. Bxe5 Kg5 71. Rb4
Re2 72. Rb3 Rg2 73. Re3 Rg1 74. Re4 Rf1 75. Bd4 Rf3 76. Be3+ Kg6 77. Bf4 Rf2
78. Be5 Kg5 79. Re3 Rg2 80. Rf3 Kg4 81. Rf4+ Kg5 82. Ra4 Rf2 83. Rb4 Re2 84.
Rb3 Rg2 85. Ra3 Kg4 86. Kf6 Rf2+ 87. Kg6 Rg2 88. Rb3 Rg1 89. Rb4+ Kf3+ 90. Kf5
Re1 91. Bf4 Re2 92. Rb3+ Kf2 93. Kg4 Kf1 94. Be3 Rc2 95. Kf3 Rf2+ 1/2-1/2